000
00319nam a2200121Ia 4500
008
231129s1998||||xx |||||||||||||| ||spa||
082
_a
ER- 343
100
_a
Hernández Hurtado Ernesto
245
0
_a
Paisajes y recuerdos
260
_c
1998
264
_a
Pereira: Fondo Editorial de Risaralda 1998
942
_2
ddc
_c
BKS
999
_c
22312
_d
22312